000 00475cam a22001812 4500
001 0000000978
005 20170406113029.0
008 131121s xx 000 0 eng d
020 _c$
040 _aYour Holding Symbol
_cYour Holding Symbol
100 1 _aCanu,Jean.
245 1 4 _aThe religious orders of men.
250 _a ed.
260 _alondon :
_bburns and oates,
_c1960.
300 _a144 p. ;
_c cm.
650 0 _atheology.
908 _a131121
999 _c897
_d897